00713nam a22002057a 450000500170000001000150001702000260003203500140005803700130007208200100008510000160009524500930011126000440020427000580024830000200030670000180032694200240034499900190036895201200038720180123115328.0 aENG-122140 a9789385877001c600.00 aEN-105672 bDBAD/PUB a398.9 aReddy, G.S. aPrime Proverbs :cby G.S. Reddy and R.V. Anuradha bwith origin, explanation, examples / aNew DelhibNeelkamal Publicationsc2016 a4764/1, 23, Ansari Road, DaryaganjbNew Delhie110002 a200p.c21cm(Hb) dR.V. Anuradha 2ddccENh398.9mRED c149439d149439 001040708NFICaBNbBNd2018-01-23eDBAD/PUBg600.00l0o398.9 REDpEN-105672r2018-01-23 00:00:00t1v600.00yEN